000 00881nam a2200277Ia 4500
003 OSt
005 20221006143322.0
006 a|||||r|||| 00| 0
007 ta
008 221006b |||||||| |||| 00| 0 eng d
024 _a8,644
037 _bGift, Japan Foundation
_cTextual
040 _aEASL
_cEASL
_beng
041 _2eng
_aeng
082 _aX9B.42, L8
100 _aMOTAI Shokichi
_9649650
245 0 _aSmall-scale industries
_b A study on Japan's 1966 manufacturing census
260 _aTokyo
_bInternational Development Center of Japan Japan
_c1978
300 _a29p.
_ccm.
490 _aIDCJ Working Paper Series No. 11
650 _a Small-scale industries - Japan
_9649651
650 _aJEL
700 _a OHKAWA Kazushi
942 _hX9B.42, L8
_cTEXL
_2CC
999 _c1076730
_d1076730